000 00767nam a2200241 a 4500
001 64498
003 BD-RjUL
005 20211209081321.0
008 170215s1961 bg |||| |||| 000 0 ben d
020 _c: Tk. 6.00
035 _a(BD-RjUL)64628
040 _aBD-RjUL
_bben
_cRUCL
_dRUCL
041 _aben
082 _223
_a891.443
_bJAN 1961
100 1 _aজরাসন্ধ
_9175732
245 1 _aণ্যায়দন্ড /
_cজরাসন্ধ
250 _a১ম সং.
260 _aঢাকা :
_bমনির হোসেন লেন,
_c১৯৬১ [১৩৬৮]
300 _a২৯৮ পৃ. ;
_c১৯ সেমি.
650 _aবাংলা উপন্যাস
_9170454
650 _aBengali Fiction
_9170455
942 _2ddc
_cBK
999 _c64498
_d64498